Laktózmentes, gluténmentes és diabetikus élelmiszerek felhasználása a szállodai vendéglátásban
| Szerző: | |
|---|---|
| További közreműködők: | |
| Dokumentumtípus: | Diplomadolgozat |
| Kulcsszavak: | Táplálkozás, egészséges Egészségfelmérés, magyar, 2009 Egészségturizmus Vendéglátás, szállodai Felmérés, kérdőíves |
| Online Access: | http://dolgozattar.uni-bge.hu/59367 |
MARC
| LEADER | 00000nta a2200000 i 4500 | ||
|---|---|---|---|
| 001 | dolg59367 | ||
| 005 | 20260113154355.0 | ||
| 008 | 260113suuuu hu om 000 hun d | ||
| 040 | |a BGE Dolgozattár Repozitórium |b hun | ||
| 041 | |a hu | ||
| 100 | 1 | |a Molnár Vivien | |
| 245 | 1 | 0 | |a Laktózmentes, gluténmentes és diabetikus élelmiszerek felhasználása a szállodai vendéglátásban |c Molnár Vivien |h [elektronikus dokumentum] |
| 695 | |a Táplálkozás, egészséges | ||
| 695 | |a Egészségfelmérés, magyar, 2009 | ||
| 695 | |a Egészségturizmus | ||
| 695 | |a Vendéglátás, szállodai | ||
| 695 | |a Felmérés, kérdőíves | ||
| 700 | 1 | |a Hidvégi Hedvig |e ths | |
| 856 | 4 | 0 | |u http://dolgozattar.uni-bge.hu/59367/1/Molnar-Viven-1.pdf |z Dokumentum-elérés |